000 00483nam a2200121Ia 4500
008 220620s9999||||xx |||||||||||||| ||und||
100 _aKevin A. Michael
245 0 _aInterpreting Cardiac Electrograms - From Skin to Endocardium
546 _aEnglish[eng]
650 _aMedicine||Cardiology and Cardiovascular Medicine||Cardiac Electrophysiology||Health Sciences
856 _uhttps://www.intechopen.com/books/interpreting-cardiac-electrograms-from-skin-to-endocardium
942 _cEB
999 _c26730
_d26730